000
00221 a2200097 4500
001
3873
100
_a
Penner, S.S
245
_a
Chemical reactions in flow systems
260
_a
_b
B Scientific pub
_c
090
_c
3104
_d
3104
942
_a
NUST-CAE
_c
M
_c
23381
999
_c
238946
_d
238946